01025nas a2200241Ia 4500001001100000003000900011008004100020040001300061040001300074041001300087100003800100210001500138222001500153245010100168250001100269260004400280501008600324300001000410310001500420362004300435500026200478650004300740R122/45030IT-RoPAU151124c99999999xx |||||||||||| ||und|| aIT-RoPAU cIT-RoPAU aITALIANO aAA.VV. gCodice Aut. SPICS: 12000 aMASS MEDIA aMass Media aMASS MEDIA, ANNO 05-N.1 (GENNAIO/FEBBRAIO 1986)bMass Media, Anno 05-N.1 (Gennaio/Febbraio 1986) a1a ed. aITALIAbCAPONE CAVALLINO DI LECCEc1986 bPaulus - SPICS - Società San Paolo EM (non-commercial uses only)cCopyright2015 a96 p. aBIMESTRALE aANNO 005, N.01 (GENNAIO/FEBBRAIO 1986) aNumero Speciale Sui Viaggi Internazionali del Papa: 28 in 7 Anni di Pontificato. Contributi di Autori Vari. tra Missione e Tecnologia: Intervista a Abraham Moles Sui Viaggi del Papa. Note Sul Film "Rambo 2": Film più Bruttodel Mercato. Recensioni di Libri aCOMUNICAZIONEvPUBBLICAZIONE PERIODICA